| 000 | 00716nam a22002417a 4500 | ||
|---|---|---|---|
| 003 | UA-OsUOA | ||
| 001 | 75029 | ||
| 007 | ta | ||
| 008 | 20110427b un ||||| |||| 00| 0 ukr d | ||
| 100 | _aГадзевич О.І. | ||
| 090 |
_a658(075.8) _bГ13 |
||
| 942 | _cBK | ||
| 040 |
_aUA-OsUOA _bukr _cUA-OsUOA _dUA-OsUOA |
||
| 245 |
_aОснови економічного аналізу і діагностики фінансово-господарської діяльності підприємств _bнавч. посіб. |
||
| 300 | _a180 с. | ||
| 955 | _a2 | ||
| 041 | _aukr | ||
| 080 | _a658(075.8) | ||
| 020 | _a966-8251-47-4 | ||
| 260 |
_aК. _bКондор _c2007 |
||
| 650 | 7 | _2UDC | |
| 999 |
_c361327 _d361327 |
||